<The> Use of capital market instruments in the financial policy of enterprises
Cenné papiere vo finančnej politike spoločnosti. Úloha akcií vo finančnej praxi spoločnosti. Dôvody a dôsledky kapitálového rastu cez emisiu akcií.
Salvato in:
| Autore principale: | |
|---|---|
| Natura: | Capitolo di libro |
| Lingua: | inglese |
| Soggetti: | |
| Tags: |
Nessun Tag, puoi essere il primo ad aggiungerne!!
|
MARC
| LEADER | 00000naa$a2200000$$$4500 | ||
|---|---|---|---|
| 001 | 0005915 | ||
| 005 | 20221207121720.2 | ||
| 041 | 0 | |a eng | |
| 044 | |a SK | ||
| 245 | 1 | 0 | |a <The> Use of capital market instruments in the financial policy of enterprises |c aut. Gabriela Łukasik |
| 520 | |a Cenné papiere vo finančnej politike spoločnosti. Úloha akcií vo finančnej praxi spoločnosti. Dôvody a dôsledky kapitálového rastu cez emisiu akcií. | ||
| 610 | 2 | 0 | |a trh kapitálový |
| 610 | 2 | 0 | |a politika finančná |
| 610 | 2 | 0 | |a akcie |
| 610 | 2 | 0 | |a papiere cenné |
| 610 | 2 | 0 | |a podnik |
| 100 | 1 | |a Łukasik, Gabriela | |